• 首页
  • 本馆介绍
  • 公告通知
  • 最新文献
  • 馆藏检索
  • 电子资源
  • 读者导购
  • 参考咨询
  • 我的图书馆
  • 登录
  • 详细信息显示
  • 放入我的书架
  • 预约/预借图书
  • 作者相关作品
  • 分类相关作品
  • 丛书相关作品
  • 出版社相关作品

书目信息

  • 表格格式
  • 工作单格式
  • 卡片格式
题名:
逝者如渡渡
    
 
作者: 申赋渔 著
分册:  
出版信息: 长沙   湖南人民出版社  2014
页数: 139页
开本: 24cm
丛书名:
单 册:
中图分类: Q95 , Q95-49
科图分类:
主题词: 动物 , 普及读物
电子资源:
ISBN: 978-7-5438-9911-7
000 00800nam0 2200253 450
001 2967
001 01CN10115863@CSLN
005 20161207151632.82
010    @a978-7-5438-9911-7@b精装@dCNY45.00
100    @a20140728d2014 em y0chiy50 ea
101 0  @achi@eeng
102    @aCN@b430000
105    @aa z 000yy
200 1  @a逝者如渡渡@9shi zhe ru du du@dAs dead as a dodo@f申赋渔著
210    @a长沙@c湖南人民出版社@d2014
215    @a139页@c图@d24cm
330    @a本书叙说了几十种已经灭绝和濒临灭绝的动物的命运。内容包括:阿拉斯加鸬鹚;新西兰椋鸟;旅鸽;隆鸟;亚洲猎豹;中国犀牛;巴基斯坦沙猫等。
606    @a动物
606    @a普及读物
690    @aQ95@v5
690    @aQ95-49@v4
701    @a申赋渔@4著
801  0 @aCN@b大连网信软件有限公司图书馆·11@c20161207
905    @aZUCC@dQ95@e159
    
    逝者如渡渡=As dead as a dodo/申赋渔著.-长沙:湖南人民出版社,2014
    139页:图;24cm
    
    
    ISBN 978-7-5438-9911-7(精装):CNY45.00
    本书叙说了几十种已经灭绝和濒临灭绝的动物的命运。内容包括:阿拉斯加鸬鹚;新西兰椋鸟;旅鸽;隆鸟;亚洲猎豹;中国犀牛;巴基斯坦沙猫等。
●
相关链接 在E读中查询图书 在五车中查询图书 在当当中查询图书 在豆瓣中查询图书


正题名:逝者如渡渡     索取号:Q95/159         预约/预借

序号 登录号 条形码 馆藏地/架位号 状态 备注
1 912287   209122876   第二样本阅览室/ [索取号:Q95/159] 在馆    
2 912288   209122885   第三借阅区/ [索取号:Q95/159] 在馆    
3 912289   209122894   第三借阅区/ [索取号:Q95/159] 在馆    
4 912290   209122901   第三借阅区/ [索取号:Q95/159] 已借出,限还日期为2018.11.16
借出人:张舒  
 
唐山师范学院图书馆 欢迎您!
大连网信软件有限公司© 版权所有